00485ntaaa2200169 45000030003000000050017000030080021000200400037000410820019000781000025000972450032001222500010001542600081001643000010002456500033002557000027002880120251027202833.00714s1973 ag 01  aAR-BaBNbspacAR-BaBNeaacrdRIC a268.6100 St8ba aStrockland, Hazel N  aBeginner Sunday school work a1 ed. aNashville : bSunday School Board of the Southern Baptist Convention, c1955 a125 p apárvulos-escuela dominical aLeatherwood, Mattie C